| 000 | 00785nam a2200205Ia 4500 | ||
|---|---|---|---|
| 008 | 220216s9999 xx 000 0 und d | ||
| 100 | _aAnnamalainathan K | ||
| 245 | 0 | _aAlternative respiration may have a role in reducing oxidative stress in plants | |
| 260 | _bNational Conference on Role of Plant Physiology and Biotechnology in Biodiversity Conservation and Agricultural Productivity and Annual Meeting of Society for PLant Physiology and Biochemistry, 24-26 February 2006, University of Rajasthan, Jaipur, pp. 14. | ||
| 650 | _aAlternative respiration | ||
| 650 | _aAntisense plants | ||
| 650 | _aOxidative stress | ||
| 650 | _aParaquat | ||
| 650 | _aPS II | ||
| 700 | _aDay D A | ||
| 700 | _aFinnegan P M | ||
| 700 | _aJacob J | ||
| 700 | _aTaylor N L | ||
| 942 | _cBS | ||
| 999 |
_c50764 _d50764 |
||